[Event "Oceania zt"]
[Site "Tumon"]
[Date "2019.02.18"]
[Round "2"]
[White "Duneas, John"]
[Black "Kempen, Leon JP"]
[Result "1/2-1/2"]
[WhiteElo "2086"]
[BlackElo "1883"]
[PlyCount "46"]
[EventDate "2019.02.18"]
[EventType "swiss"]
[EventRounds "9"]
[EventCountry "GMA"]
[SourceTitle "CBM 189 Extra"]
[Source "ChessBase"]
[SourceDate "2019.06.03"]
[SourceVersion "1"]
[SourceVersionDate "2019.06.03"]
[SourceQuality "1"]

1. d4 e6 2. Nf3 c5 3. e3 Nf6 4. c4 d5 5. Nc3 Nc6 6. a3 cxd4 7. exd4 Be7 8. Bd3 0-0 9. 0-0 dxc4 10. Bxc4 a6 11. Bg5 b5 12. Ba2 Bb7 13. Qd3 Re8 14. Rfd1 b4 15. Bxf6 Bxf6 16. Ne4 bxa3 17. bxa3 Be7 18. d5 exd5 19. Bxd5 Na5 20. Bxb7 Qxd3 21. Rxd3 Nxb7 22. Rd7 Nc5 23. Rxe7 Nxe4 1/2-1/2

[Event "Asia-ch Seniors 50 8th"]
[Site "Auckland"]
[Date "2017.10.15"]
[Round "9"]
[White "Kempen, Leon JP"]
[Black "Shrestha, Sujendra Prasad"]
[Result "1-0"]
[WhiteElo "1892"]
[BlackElo "1900"]
[PlyCount "103"]
[EventDate "2017.10.09"]
[EventType "swiss"]
[EventRounds "9"]
[EventCountry "NZL"]
[SourceTitle "CBM 181 Extra"]
[Source "ChessBase"]
[SourceDate "2017.12.12"]
[SourceVersion "1"]
[SourceVersionDate "2017.12.12"]
[SourceQuality "1"]

1. d4 c5 2. d5 d6 3. e4 e5 4. Nc3 f5 5. Bb5+ Nd7 6. exf5 Ngf6 7. Be2 Qe7 8. Nh3 h6 9. Nb5 Nb6 10. Bh5+ Kd8 11. Bg6 Nbxd5 12. 0-0 Bd7 13. Na3 Bc6 14. f4 e4 15. Re1 a6 16. Bd2 Qd7 17. g4 Ne7 18. Ba5+ Kc8 19. Nc4 Nfd5 20. Bf7 b5 21. Be6 bxc4 22. Rxe4 Nf6 23. Rxc4 Ned5 24. Qe2 Ra7 25. Bc3 Nxc3 26. Rxc3 d5 27. Bxd7+ Bxd7 28. Qe5 c4 29. Nf2 Bc5 30. Rxc4 Rc7 31. Qxc7+ Kxc7 32. Rxc5+ Kd6 33. Rc3 Re8 34. a4 h5 35. h3 Ne4 36. Rb3 Nc5 37. Rb6+ Bc6 38. b4 Nd7 39. Rxa6 Kc7 40. b5 Bb7 41. Rg6 Re7 42. Re6 Rf7 43. Rae1 d4 44. a5 Bd5 45. b6+ Kb7 46. Re7 Kc6 47. Rxf7 Bxf7 48. Re7 Bc4 49. Nd3 hxg4 50. Rxd7 Bxd3 51. cxd3 Kxd7 52. hxg4 1-0

[Event "Asia-ch Seniors 50 8th"]
[Site "Auckland"]
[Date "2017.10.12"]
[Round "6"]
[White "Shakya, Rabindra"]
[Black "Kempen, Leon JP"]
[Result "0-1"]
[WhiteElo "1947"]
[BlackElo "1892"]
[PlyCount "77"]
[EventDate "2017.10.09"]
[EventType "swiss"]
[EventRounds "9"]
[EventCountry "NZL"]
[SourceTitle "CBM 181 Extra"]
[Source "ChessBase"]
[SourceDate "2017.12.12"]
[SourceVersion "1"]
[SourceVersionDate "2017.12.12"]
[SourceQuality "1"]

1. e4 e6 2. d4 d5 3. e5 c5 4. c3 Qb6 5. Nf3 Nc6 6. Bd3 cxd4 7. cxd4 Bd7 8. Be2 Nh6 9. b3 Nf5 10. Bb2 Bb4+ 11. Kf1 Be7 12. g4 Nh4 13. Nxh4 Bxh4 14. f4 g5 15. Qd2 h6 16. Na3 a6 17. Nc2 Rc8 18. Ba3 gxf4 19. Bc5 Qd8 20. Ba3 Qa5 21. Rd1 Qxd2 22. Rxd2 Ne7 23. Kg2 Ng6 24. Ne1 Bd8 25. Rf1 h5 26. gxh5 Nh4+ 27. Kh1 Nf5 28. Rg1 Be7 29. Bxe7 Kxe7 30. Ng2 Rc3 31. Nxf4 Rhc8 32. Bd1 Re3 33. Bc2 Rf3 34. Ne2 Ne3 35. Bb1 Rf2 36. a4 Nf1 37. Rg7 Nxd2 38. Bd3 Rh8 39. Ng3 0-1

[Event "Asia-ch Seniors 50 8th"]
[Site "Auckland"]
[Date "2017.10.09"]
[Round "1"]
[White "Kempen, Leon JP"]
[Black "McLaren, Leonard"]
[Result "0-1"]
[WhiteElo "1892"]
[BlackElo "2221"]
[PlyCount "88"]
[EventDate "2017.10.09"]
[EventType "swiss"]
[EventRounds "9"]
[EventCountry "NZL"]
[SourceTitle "CBM 181 Extra"]
[Source "ChessBase"]
[SourceDate "2017.12.12"]
[SourceVersion "1"]
[SourceVersionDate "2017.12.12"]
[SourceQuality "1"]

1. d4 Nf6 2. c4 e6 3. Nf3 b6 4. g3 Ba6 5. b3 Bb4+ 6. Bd2 Be7 7. Bg2 d5 8. cxd5 exd5 9. 0-0 0-0 10. Nc3 Re8 11. Qc2 c6 12. Rfe1 Nbd7 13. Rad1 Nf8 14. a3 Ne6 15. Bc1 Bb7 16. Bb2 a5 17. e3 Rc8 18. Qb1 Bd6 19. Nh4 Rc7 20. e4 dxe4 21. Nxe4 Nd5 22. Nxd6 Qxd6 23. Re5 Rd8 24. Bxd5 cxd5 25. Nf5 Qf8 26. Rc1 Rdc8 27. Ree1 g6 28. Nh4 Qh6 29. Rxc7 Rxc7 30. Bc1 Qh5 31. Qd3 Kg7 32. Be3 Qg4 33. Kg2 Qe4+ 34. Qxe4 dxe4 35. Rd1 Bd5 36. Rb1 f5 37. Kh3 Rc3 38. Ng2 g5 39. Bc1 f4 40. Kg4 Kg6 41. h4 Nxd4 42. hxg5 Be6+ 43. Kxf4 Rxc1 44. Nh4+ Kf7 0-1

[Event "Oceania zt 3.6"]
[Site "Auckland"]
[Date "2017.01.15"]
[Round "3"]
[White "Kempen, Leon JP"]
[Black "Fikh, Anthony"]
[Result "1/2-1/2"]
[WhiteElo "1887"]
[BlackElo "1553"]
[PlyCount "92"]
[EventDate "2017.01.14"]
[EventType "swiss"]
[EventRounds "9"]
[EventCountry "NZL"]
[SourceTitle "EXT 2018"]
[Source "ChessBase"]
[SourceDate "2017.10.13"]
[SourceVersion "1"]
[SourceVersionDate "2017.10.13"]
[SourceQuality "1"]

1. d4 Nf6 2. c4 e6 3. Nc3 Bb4 4. e3 b6 5. Nge2 Bb7 6. a3 Be7 7. Ng3 d5 8. cxd5 Nxd5 9. Nxd5 Bxd5 10. e4 Bb7 11. Be3 0-0 12. Bc4 Nd7 13. 0-0 c5 14. Qe2 Rc8 15. Rfd1 Qc7 16. Rac1 Qb8 17. d5 exd5 18. Bxd5 Bxd5 19. Rxd5 Nf6 20. Rd2 Rfd8 21. Rcd1 Rxd2 22. Rxd2 Rd8 23. f3 Rxd2 24. Qxd2 Qd6 25. Nf5 Qxd2 26. Bxd2 Kf8 27. Bc3 g6 28. Ne3 Ke8 29. a4 Kd7 30. Kf1 a6 31. b3 Kc6 32. Bxf6 Bxf6 33. Ke2 b5 34. axb5+ axb5 35. Kd3 Bg7 36. g4 Kd6 37. f4 Ba1 38. g5 Bg7 39. Ng4 Ke6 40. h4 f5 41. Ne3 fxe4+ 42. Kxe4 Bh8 43. f5+ gxf5+ 44. Nxf5 c4 45. bxc4 bxc4 46. Ne3 c3 1/2-1/2

[Event "Reykjavik op"]
[Site "Reykjavik"]
[Date "2016.03.14"]
[Round "8"]
[White "Enersen, Eirik S"]
[Black "Kempen, Leon JP"]
[Result "1/2-1/2"]
[WhiteElo "1689"]
[BlackElo "1977"]
[PlyCount "82"]
[EventDate "2016.03.08"]
[EventType "swiss"]
[EventRounds "10"]
[EventCountry "ISL"]
[SourceTitle "CBM 171 Extra"]
[Source "ChessBase"]
[SourceDate "2016.04.26"]
[SourceVersion "1"]
[SourceVersionDate "2016.04.26"]
[SourceQuality "1"]

1. e4 e6 2. d4 d5 3. exd5 exd5 4. Nf3 Nc6 5. c3 Bd6 6. Bd3 Nge7 7. 0-0 h6 8. Be3 Bf5 9. Qc2 Bxd3 10. Qxd3 0-0 11. Nh4 Qd7 12. g3 a6 13. a3 Na5 14. Nd2 b5 15. b4 Nc4 16. Nxc4 bxc4 17. Qd1 Ng6 18. Nxg6 fxg6 19. f4 Rae8 20. Bd2 Re4 21. Re1 Rfe8 22. Rxe4 Rxe4 23. a4 Qe8 24. Kf2 c6 25. a5 Qe6 26. Qf3 h5 27. Re1 Rxe1 28. Bxe1 Kf7 29. Bd2 Kf6 30. Qe3 Qh3 31. Kg1 Qd7 32. Kf2 Kf7 33. Kg2 h4 34. Kf2 Qh3 35. Kg1 Qg4 36. Kf2 hxg3+ 37. hxg3 Qf5 38. Kg2 Qc2 39. Kf3 Qd1+ 40. Qe2 Qh1+ 41. Qg2 Qxg2+ 1/2-1/2

[Event "Reykjavik op"]
[Site "Reykjavik"]
[Date "2016.03.09"]
[Round "2"]
[White "Kempen, Leon JP"]
[Black "Viktorsson, Svavar"]
[Result "1/2-1/2"]
[WhiteElo "1977"]
[BlackElo "1701"]
[PlyCount "66"]
[EventDate "2016.03.08"]
[EventType "swiss"]
[EventRounds "10"]
[EventCountry "ISL"]
[SourceTitle "CBM 171 Extra"]
[Source "ChessBase"]
[SourceDate "2016.04.26"]
[SourceVersion "1"]
[SourceVersionDate "2016.04.26"]
[SourceQuality "1"]

1. d4 Nf6 2. c4 g6 3. Nc3 d5 4. cxd5 Nxd5 5. e4 Nxc3 6. bxc3 Bg7 7. Qa4+ Nd7 8. Nf3 c5 9. Bd3 0-0 10. Be3 Qc7 11. Rc1 a6 12. Qa3 b6 13. 0-0 Bb7 14. Nd2 b5 15. f3 Rfd8 16. Bb1 e5 17. d5 Bf8 18. c4 b4 19. Qd3 a5 20. Rfe1 Rdb8 21. Qf1 Ra6 22. Qf2 a4 23. Rf1 b3 24. axb3 axb3 25. Nxb3 Ra3 26. Qb2 Rba8 27. Rc3 Qb6 28. Bc1 Qb4 29. Qc2 R3a4 30. Nd2 Qa5 31. Rb3 Ba6 32. Qc3 Qxc3 33. Rxc3 Nb6 1/2-1/2

[Event "New South Wales op"]
[Site "Sydney"]
[Date "2015.06.06"]
[Round "2"]
[White "Kempen, Leon JP"]
[Black "Smirnov, Anton"]
[Result "0-1"]
[WhiteElo "1978"]
[BlackElo "2428"]
[PlyCount "148"]
[EventDate "2015.06.06"]
[EventType "swiss"]
[EventRounds "7"]
[EventCountry "AUS"]
[SourceTitle "CBM 166 Extra"]
[Source "ChessBase"]
[SourceDate "2015.06.18"]
[SourceVersion "1"]
[SourceVersionDate "2015.06.18"]
[SourceQuality "1"]

1. d4 Nf6 2. c4 g6 3. Nc3 d5 4. cxd5 Nxd5 5. e4 Nxc3 6. bxc3 Bg7 7. Qa4+ Nd7 8. Nf3 0-0 9. Be3 c5 10. Rd1 cxd4 11. cxd4 a6 12. h3 b5 13. Qa3 Bb7 14. Bd3 Rc8 15. 0-0 e6 16. Rc1 Rxc1 17. Rxc1 Qa8 18. Nd2 Rc8 19. f3 Bf8 20. Qb2 Nb6 21. Rxc8 Qxc8 22. Qc2 Na4 23. Nb1 Qd8 24. Qf2 Qc7 25. Qc2 Qa5 26. Kf2 Be7 27. g3 Bf6 28. h4 Qd8 29. e5 Bg7 30. Nd2 Nb6 31. Be4 Nd5 32. Qb2 Qc7 33. Nb1 f5 34. exf6 Bxf6 35. Bxd5 Bxd5 36. Nc3 Bxh4 37. Ne2 Bf6 38. Nf4 Bc4 39. Qa3 a5 40. Qc1 e5 41. Nd5 Qd6 42. Nxf6+ Qxf6 43. dxe5 Qxe5 44. a4 Qh5 45. Kg2 Be6 46. g4 Qd5 47. Qc7 Bxg4 48. Qb8+ Kg7 49. Qc7+ Bd7 50. axb5 Qxb5 51. Qf4 Qf5 52. Qc4 Qe6 53. Qf4 Kg8 54. Bc5 Qh3+ 55. Kf2 Qf5 56. Qb8+ Kg7 57. Bd4+ Kf7 58. Qh8 g5 59. Qg7+ Ke6 60. Qg8+ Kd6 61. Be3 g4 62. Qb8+ Ke7 63. Bf4 gxf3 64. Qd6+ Kf7 65. Kxf3 a4 66. Ke3 a3 67. Be5 a2 68. Qd5+ Qe6 69. Qd4 h5 70. Kd2 h4 71. Kc2 Qc6+ 72. Kb2 a1Q+ 73. Kxa1 Qc1+ 74. Ka2 Be6+ 0-1

[Event "Wch Seniors 50 24th"]
[Site "Katerini"]
[Date "2014.11.04"]
[Round "11"]
[White "Chapman, Terry PD"]
[Black "Kempen, Leon JP"]
[Result "1/2-1/2"]
[WhiteElo "2304"]
[BlackElo "1949"]
[PlyCount "60"]
[EventDate "2014.10.24"]
[EventType "swiss"]
[EventRounds "11"]
[EventCountry "GRE"]
[SourceTitle "EXT 2015"]
[Source "ChessBase"]
[SourceDate "2014.11.20"]
[SourceVersion "1"]
[SourceVersionDate "2014.11.20"]
[SourceQuality "1"]

1. Nf3 d5 2. d4 c5 3. c4 cxd4 4. cxd5 Nf6 5. Qxd4 Qxd5 6. Nc3 Qxd4 7. Nxd4 a6 8. g3 Bd7 9. Bg2 e5 10. Nc2 Bc6 11. 0-0 Bxg2 12. Kxg2 Nbd7 13. Rd1 Rc8 14. Bg5 Be7 15. Bxf6 Nxf6 16. Ne3 Bc5 17. Ned5 Nxd5 18. Nxd5 Bd4 19. e3 Rc5 20. Rac1 Rxd5 21. exd4 exd4 22. Rc8+ Rd8 23. Rxd8+ Kxd8 24. Rxd4+ Kc7 25. Kf3 Kc6 26. h4 h5 27. Rf4 f6 28. Re4 Kd6 29. Rd4+ Ke6 30. a4 b5 1/2-1/2

[Event "Wch Seniors 50 24th"]
[Site "Katerini"]
[Date "2014.11.03"]
[Round "10"]
[White "Alexakis, Dimitrios"]
[Black "Kempen, Leon JP"]
[Result "1/2-1/2"]
[WhiteElo "2224"]
[BlackElo "1949"]
[PlyCount "76"]
[EventDate "2014.10.24"]
[EventType "swiss"]
[EventRounds "11"]
[EventCountry "GRE"]
[SourceTitle "EXT 2015"]
[Source "ChessBase"]
[SourceDate "2014.11.20"]
[SourceVersion "1"]
[SourceVersionDate "2014.11.20"]
[SourceQuality "1"]

1. e4 e6 2. Nf3 d5 3. Nc3 Nf6 4. e5 Nfd7 5. d4 c5 6. dxc5 Nc6 7. Bf4 a6 8. a3 Bxc5 9. Bd3 Be7 10. h4 d4 11. Ne4 Ndxe5 12. Nxe5 Nxe5 13. Bxe5 Qa5+ 14. Qd2 Qxe5 15. 0-0-0 Qd5 16. c4 dxc3 17. Nxc3 Qa5 18. Kb1 0-0 19. Be4 Bf6 20. Nd5 Qd8 21. Nxf6+ Qxf6 22. g4 e5 23. g5 Qb6 24. Qd6 Qxd6 25. Rxd6 Rb8 26. Rb6 Rd8 27. Re1 Kf8 28. Rc1 Ke7 29. Rc5 Be6 30. Rc7+ Rd7 31. Rbxb7 Rxb7 32. Rxb7 Rxb7 33. Bxb7 a5 34. Kc2 f5 35. b4 axb4 36. axb4 Kd6 37. Kc3 h6 38. gxh6 gxh6 1/2-1/2

[Event "Wch Seniors 50 24th"]
[Site "Katerini"]
[Date "2014.11.02"]
[Round "9"]
[White "Kempen, Leon JP"]
[Black "Bruno, Fabio"]
[Result "0-1"]
[WhiteElo "1949"]
[BlackElo "2422"]
[PlyCount "120"]
[EventDate "2014.10.24"]
[EventType "swiss"]
[EventRounds "11"]
[EventCountry "GRE"]
[SourceTitle "EXT 2015"]
[Source "ChessBase"]
[SourceDate "2014.11.20"]
[SourceVersion "1"]
[SourceVersionDate "2014.11.20"]
[SourceQuality "1"]

1. d4 d5 2. c4 e6 3. Nc3 c6 4. e3 Nf6 5. Nf3 a6 6. b3 Bb4 7. Bd2 Nbd7 8. Bd3 0-0 9. 0-0 Bd6 10. Qc2 h6 11. Rad1 dxc4 12. bxc4 c5 13. Rfe1 Qc7 14. h3 Re8 15. Bc1 b6 16. Ne4 Bf8 17. Nxf6+ Nxf6 18. Ne5 Bb7 19. Bb2 cxd4 20. exd4 b5 21. Rc1 bxc4 22. Qxc4 Qxc4 23. Rxc4 Nd5 24. g3 Nb4 25. Rc7 Bd5 26. a3 Bd6 27. Rc3 Nxd3 28. Nxd3 Rab8 29. Bc1 Rbc8 30. Rxc8 Rxc8 31. Bb2 Rc2 32. Bc1 a5 33. g4 g5 34. f4 f6 35. Nc5 gxf4 36. Nd7 f3 37. Be3 f2+ 38. Bxf2 Kf7 39. Nc5 Ra2 40. a4 Rc2 41. h4 Rc4 42. Ra1 Bxc5 43. dxc5 Rxg4+ 44. Kf1 Bc6 45. Ke1 h5 46. Ke2 Rxa4 47. Rd1 Bd5 48. Be1 Rc4 49. Bxa5 Rxh4 50. Rc1 Rc4 51. Rxc4 Bxc4+ 52. Kf3 Kg6 53. Bd8 Kg5 54. Kg3 Bd5 55. Be7 e5 56. Bd6 Bc6 57. Bc7 h4+ 58. Kf2 Kg4 59. Bd8 h3 60. Kg1 Kg3 0-1

[Event "Maastricht Limburg op-B 8th"]
[Site "Maastricht"]
[Date "2014.06.09"]
[Round "6"]
[White "Kempen, Leon JP"]
[Black "Ibrahim, Ashraf"]
[Result "1/2-1/2"]
[WhiteElo "1957"]
[BlackElo "1794"]
[PlyCount "77"]
[EventDate "2014.06.06"]
[EventType "swiss"]
[EventRounds "7"]
[EventCountry "NED"]
[SourceTitle "EXT 2015"]
[Source "ChessBase"]
[SourceDate "2014.11.20"]
[SourceVersion "1"]
[SourceVersionDate "2014.11.20"]
[SourceQuality "1"]

1. d4 Nf6 2. c4 e6 3. Nc3 b6 4. e3 Bb7 5. Nf3 d5 6. a3 c5 7. cxd5 Nxd5 8. Bb5+ Bc6 9. Qa4 Bxb5 10. Nxb5 Nd7 11. e4 Nc7 12. Bg5 f6 13. Bf4 Nxb5 14. Qxb5 g5 15. dxc5 gxf4 16. c6 Nc5 17. Rd1 Qc7 18. b4 a6 19. Qc4 Qxc6 20. 0-0 e5 21. Rd5 Rc8 22. Rc1 Be7 23. Nh4 Qe6 24. Nf5 Kf7 25. Nxe7 Kxe7 26. bxc5 bxc5 27. h3 Rhg8 28. Rxc5 Qxc4 29. R1xc4 Rxc5 30. Rxc5 Rd8 31. Kf1 Rd4 32. Ra5 Rd6 33. Ke2 Ke6 34. Rc5 h5 35. g3 fxg3 36. fxg3 f5 37. exf5+ Kxf5 38. Ra5 Rb6 39. g4+ 1/2-1/2